| 000 | 00960cam a2200289 a 4500 | ||
|---|---|---|---|
| 001 | 17195302 | ||
| 005 | 20180312045553.0 | ||
| 008 | 120305s2011 ohua b 001 0 eng d | ||
| 010 |
_a 2012360258 _z 2009941964 |
||
| 020 | _a9780538754330 (pbk. : student ed.) | ||
| 020 | _a0538754338 (pbk. : student ed.) | ||
| 020 | _a9780538754323 (instructor's ed.) | ||
| 020 | _a053875432X (instructor's ed.) | ||
| 035 | _a(OCoLC)ocn428032646 | ||
| 040 |
_aBTCTA _cBTCTA _dYDXCP _dVGM _dBWX _dSEA _dDLC |
||
| 041 | _aeng | ||
| 042 | _alccopycat | ||
| 080 | _a330.101.542 GWA | ||
| 082 | _2330.101.542 GWA | ||
| 100 | _a52 | ||
| 101 | _aMIK | ||
| 245 | 0 | 0 | _aMicroeconomics : |
| 504 | _aIncludes bibliographical references and index. | ||
| 906 |
_a7 _bcbc _ccopycat _d3 _encip _f20 _gy-gencatlg |
||
| 942 |
_2ddc _cBK |
||
| 999 |
_c44680 _d44680 |
||